<?xml version="1.0" encoding="UTF-8"?>
<record
    xmlns:xsi="http://www.w3.org/2001/XMLSchema-instance"
    xsi:schemaLocation="http://www.loc.gov/MARC21/slim http://www.loc.gov/standards/marcxml/schema/MARC21slim.xsd"
    xmlns="http://www.loc.gov/MARC21/slim">

  <leader>01114nam a22002537a 4500</leader>
  <controlfield tag="005">20110913152830.0</controlfield>
  <controlfield tag="008">110913t        xxu||||| |||| 00| 0 mar d</controlfield>
  <datafield tag="010" ind1=" " ind2=" ">
    <subfield code="a">MAR-21429</subfield>
  </datafield>
  <datafield tag="020" ind1=" " ind2=" ">
    <subfield code="c">250.00</subfield>
  </datafield>
  <datafield tag="035" ind1=" " ind2=" ">
    <subfield code="a">MR-14087</subfield>
  </datafield>
  <datafield tag="037" ind1=" " ind2=" ">
    <subfield code="b">DBAD/PUB</subfield>
  </datafield>
  <datafield tag="040" ind1=" " ind2=" ">
    <subfield code="a">DPL</subfield>
    <subfield code="b">MR</subfield>
  </datafield>
  <datafield tag="082" ind1=" " ind2=" ">
    <subfield code="a">891.463</subfield>
  </datafield>
  <datafield tag="100" ind1=" " ind2=" ">
    <subfield code="9">34729</subfield>
    <subfield code="a">&#x90F;&#x916;&#x902;&#x921;&#x947;&#x92A;&#x93E;&#x91F;&#x940;&#x932;,&#x935;&#x93F;&#x932;&#x93E;&#x938;</subfield>
  </datafield>
  <datafield tag="245" ind1=" " ind2=" ">
    <subfield code="a">&#x91F;&#x947;&#x928; &#x92A;&#x930;&#x94D;&#x938;&#x947;&#x902;&#x91F; /</subfield>
    <subfield code="c">&#x935;&#x93F;&#x932;&#x93E;&#x938; &#x90F;&#x916;&#x902;&#x921;&#x947;&#x92A;&#x93E;&#x91F;&#x940;&#x932;</subfield>
  </datafield>
  <datafield tag="246" ind1=" " ind2=" ">
    <subfield code="a">Ten Percent</subfield>
    <subfield code="b">by Vilas Ekhandepatil</subfield>
  </datafield>
  <datafield tag="260" ind1=" " ind2=" ">
    <subfield code="a">&#x92A;&#x941;&#x923;&#x947;</subfield>
    <subfield code="b">&#x935;&#x94D;&#x939;&#x93F;&#x91C;&#x928; &#x92A;&#x94D;&#x932;&#x938; &#x92B;&#x93E;&#x909;&#x902;&#x921;&#x947;&#x936;&#x928;</subfield>
    <subfield code="c">2011</subfield>
  </datafield>
  <datafield tag="270" ind1=" " ind2=" ">
    <subfield code="b">&#x92A;&#x941;&#x923;&#x947;</subfield>
    <subfield code="a">&#x910;-2,&#x92E;&#x93E;&#x924;&#x943;&#x915;&#x943;&#x92A;&#x93E;,1132/1&#x92E;&#x949;&#x921;&#x947;&#x932; &#x915;&#x949;&#x932;&#x928;&#x940;,</subfield>
    <subfield code="e">411016</subfield>
  </datafield>
  <datafield tag="300" ind1=" " ind2=" ">
    <subfield code="a">303&#x92A;&#x943;.</subfield>
    <subfield code="c">22&#x938;&#x947;&#x92E;&#x940;(&#x905;&#x91C;&#x93F;&#x932;&#x94D;&#x926;)</subfield>
  </datafield>
  <datafield tag="650" ind1=" " ind2=" ">
    <subfield code="a">&#x92E;&#x930;&#x93E;&#x920;&#x940; &#x915;&#x93E;&#x926;&#x902;&#x92C;&#x930;&#x940;</subfield>
    <subfield code="9">35522</subfield>
  </datafield>
  <datafield tag="650" ind1=" " ind2=" ">
    <subfield code="a">Marathi Fiction</subfield>
    <subfield code="9">35523</subfield>
  </datafield>
  <datafield tag="942" ind1=" " ind2=" ">
    <subfield code="2">ddc</subfield>
    <subfield code="c">MR</subfield>
    <subfield code="m">&#x90F;&#x916;&#x902;&#x921;&#x947;</subfield>
    <subfield code="h">891.463</subfield>
  </datafield>
  <datafield tag="999" ind1=" " ind2=" ">
    <subfield code="c">57652</subfield>
    <subfield code="d">57652</subfield>
  </datafield>
  <datafield tag="952" ind1=" " ind2=" ">
    <subfield code="0">0</subfield>
    <subfield code="1">0</subfield>
    <subfield code="2">ddc</subfield>
    <subfield code="4">0</subfield>
    <subfield code="7">1</subfield>
    <subfield code="8">FIC</subfield>
    <subfield code="a">DBAD</subfield>
    <subfield code="b">DBAD</subfield>
    <subfield code="d">2011-10-14</subfield>
    <subfield code="e">DBAD / PUB</subfield>
    <subfield code="g">250.00</subfield>
    <subfield code="l">0</subfield>
    <subfield code="o">891.463 &#x90F;&#x916;&#x902;&#x921;&#x947;</subfield>
    <subfield code="p">MR-14087</subfield>
    <subfield code="r">2011-10-14 00:00:00</subfield>
    <subfield code="t">1</subfield>
    <subfield code="v">250.00</subfield>
    <subfield code="w">2011-10-14</subfield>
    <subfield code="y">MR</subfield>
  </datafield>
</record>
